Busiests Airports in the United States. - Statistics

General Stats
  • This quiz has been taken 151 times
  • The average score is 50 of 61
Answer Stats
Hint Answer % Correct
53,505,795 Atlanta
100%
31,036,655 New York (JFK)
100%
15,393,601 New York (LaGuardia)
100%
40,871,223 Chicago
99%
10,081,781 Chicago (Midway)
99%
42,939,104 Los Angeles
99%
35,778,573 Dallas (Fort Worth)
98%
8,408,457 Dallas (Love Field)
98%
16,006,389 Philadelphia
98%
21,905,309 Houston (George Bush)
97%
7,069,614 Houston (Hobby)
97%
27,779,230 San Francisco
97%
25,001,762 Seattle-Tacoma
97%
20,699,377 Boston
96%
33,592,945 Denver
96%
18,143,040 Detroit
96%
24,728,361 Las Vegas
96%
21,421,031 Miami
96%
19,192,917 Minneapolis
96%
11,884,117 Washington (Dulles)
96%
11,595,454 Washington (Reagan)
96%
24,562,271 Orlando
95%
22,433,552 Phoenix
95%
12,648,692 San Diego
92%
10,978,756 Tampa
92%
24,199,688 Charlotte
91%
13,284,687 Baltimore
90%
5,022,980 San Antonio
90%
9,988,678 Honolulu
89%
4,715,947 Pittsburgh
89%
4,894,541 Cleveland
88%
9,132,344 Nashville
87%
6,717,105 New Orleans
87%
9,797,408 Portland
87%
8,683,711 Austin
86%
12,840,841 Salt Lake City
86%
4,413,457 Cincinnati
85%
5,759,419 Kansas City
84%
6,454,413 Sacramento
84%
4,709,183 Indianapolis
83%
3,479,923 Jacksonville
83%
7,828,885 San Jose
82%
7,946,986 St. Louis
81%
23,160,763 Newark
78%
2,459,199 Buffalo
77%
17,950,989 Fort Lauderdale
77%
4,172,067 Columbus
76%
6,919,429 Raleigh
76%
3,374,073 Milwaukee
75%
2,713,843 Anchorage
73%
2,641,450 Albuquerque
70%
6,560,230 Oakland
68%
2,455,274 Omaha
58%
3,323,614 Hartford
56%
5,144,467 Fort Myers
51%
5,153,276 Orange County
34%
4,590,117 San Juan
34%
2,723,002 Ontario (California)
30%
3,460,429 West Palm Beach
29%
2,988,720 Burbank
25%
3,791,807 Kahului
20%
No matching quizzes found
Score Distribution
Percent of People with Each Score
Percentile by Number Answered
Your Score History
You have not taken this quiz